书目信息 |
| 题名: |
鲁迅经典
|
|
| 作者: | 郁华 编选 | |
| 分册: | ||
| 出版信息: | 海口 南海出版公司 1999.06 |
|
| 页数: | 466页 | |
| 开本: | 32开 | |
| 丛书名: | ||
| 单 册: | ||
| 中图分类: | I210.6 | |
| 科图分类: | ||
| 主题词: | 文学--作品集--中国 | |
| 电子资源: | ||
| ISBN: | 7-5442-1381-1 | |
| 000 | 00534nam0 2200193 45 | |
| 001 | 0012111085 | |
| 005 | 20001211101633.6 | |
| 010 | @a7-5442-1381-1@d28.00元 | |
| 100 | @a20001211d1999 km y0chiy0120 ea | |
| 101 | 0 | @achi |
| 105 | @a z 000yy | |
| 200 | 1 | @a鲁迅经典@ALu Xun Jing Dian@f郁华编选@FYu Hua Bian Xuan |
| 210 | @a海口@c南海出版公司@d1999.06 | |
| 215 | @a466页@d32开 | |
| 606 | 0 | @a文学@x作品集@x中国 |
| 690 | @aI210.6@v3 | |
| 701 | 0 | @a郁华@4编选 |
| 801 | @aCN@bPftUser@c20001211 | |
| 905 | @b304786-788@dI210.6@eY.876@f3 | |
| 鲁迅经典/郁华编选.-海口:南海出版公司,1999.06 |
| 466页;32开 |
| ISBN 7-5442-1381-1:28.00元 |
| ● |
| 相关链接 |
|
|
|
正题名:鲁迅经典
索取号:I210.6/Y.876
 
预约/预借
| 序号 | 登录号 | 条形码 | 馆藏地/架位号 | 状态 | 备注 |
| 1 | 304786 | 203047862 | 文学库108/ [索取号:I210.6/Y.876] | 在馆 | |
| 2 | 304787 | 203047871 | 文学库108/108文学库 12排6列4层/ [索取号:I210.6/Y.876] | 在馆 | |
| 3 | 304788 | 203047880 | 文学库108/108文学库 12排6列4层/ [索取号:I210.6/Y.876] | 在馆 |